| 000 | 00000nam##2200000za#4500 |
| 001 | 9.679778 |
| 003 | CaOODSP |
| 005 | 20240209132635 |
| 007 | ta |
| 008 | 150407|1996||||xxc||||| f|0| 0 fre|d |
| 020 | |a0-662-81110-0 |
| 040 | |aCaOODSP|bfre |
| 043 | |an-cn--- |
| 086 | 1 |aC89-1/3-1996F |
| 110 | 2 |aAgence de promotion économique du Canada atlantique. |
| 245 | 10|aÉtat de la petite entreprise et de l'entrepreneuriat dans la région de l'Atlantique, 1996 / |cpar Gar Pynn et al. |
| 250 | |aQuatrième édition. |
| 260 | |aMoncton - Nouveau-Brunswick : |bAgence de promotion économique du Canada atlantique |c1996. |
| 300 | |axxiv, 142p. : |bgraphiques, références, tableaux ; |c22 cm. |
| 500 | |aSommaire: Contexte et introduction.--Expansion du secteur des petites entreprises.--Anatomie de la création d'emplois.--Entreprises exploitées du domicile.--Les francophones et l'entrepreunariat. |
| 563 | |aCouverture souple |
| 590 | |a97-03|b1997-01-17 |
| 720 | 1 |aPynn, Gar |
| 775 | 08|tThe state of small business and entrepreneurship in Atlantic Canada, 1996 / |w(CaOODSP)9.646204 |
| 776 | 0#|t[État de la petite entreprise et de l'entrepreneuriat dans la région de l'Atlantique, 1996] |w(CaOODSP)9.639799 |